A Vergil concordance / (Record no. 14546)

000 -LEADER
fixed length control field 00517cam a2200169 i 4500
020 ## - INTERNATIONAL STANDARD BOOK NUMBER
ISBN 0816607370
040 ## - CATALOGING SOURCE
Transcribing agency DLC
082 00 - DEWEY DECIMAL CLASSIFICATION NUMBER
Classification number 871 UNI 1975 A097 Or.
100 1# - MAIN ENTRY--AUTHOR NAME
Personal name Warwick, Henrietta Holm.
245 12 - TITLE STATEMENT
Title A Vergil concordance /
260 ## - PUBLICATION, DISTRIBUTION, ETC. (IMPRINT)
Place of publication Minneapolis :
Name of publisher University of Minnesota Press,
Year of publication c1975.
300 ## - PHYSICAL DESCRIPTION
Number of Pages 962 p. ;
Dimensions 29 cm.
500 ## - GENERAL NOTE
General note "Based on the 1969 Oxford classical texts edition, P. Vergili Maronis Opera edited by R. A. B. Mynors."
650 #0 - SUBJECT ADDED ENTRY--TOPICAL TERM
Topical Term Latin language
700 0# - ADDED ENTRY--PERSONAL NAME
Personal name Virgil.
942 ## - ADDED ENTRY ELEMENTS (KOHA)
Koha item type សៀវភៅភាសាអង់គ្លេស
952 ## - LOCATION AND ITEM INFORMATION (KOHA)
Withdrawn status [LOCAL, KOHA] 0
Holdings
Permanent Location Date acquired Koha item type Lost status Shelving location Barcode Current Location Full call number
Library Block A2017-10-19សៀវភៅភាសាអង់គ្លេស A097A08151Library Block A871 UNI 1975 A097 Or.
មជ្ឈមណ្ឌលឯការនៃសាកលវិទ្យាល័យភូមិន្ទកសិកម្មចំការដូង

Powered by Koha